Śrīma-kathā. (Record no. 73054)
[ view plain ]
| 000 -LEADER | |
|---|---|
| fixed length control field | 00549cam a22002171 4500 |
| 001 - CONTROL NUMBER | |
| control field | sa 67002125 |
| 003 - CONTROL NUMBER IDENTIFIER | |
| control field | DLC |
| 005 - DATE AND TIME OF LATEST TRANSACTION | |
| control field | 20260227112328.0 |
| 008 - FIXED-LENGTH DATA ELEMENTS--GENERAL INFORMATION | |
| fixed length control field | 890713s1966 ii ch 000 0 beno |
| 010 ## - LIBRARY OF CONGRESS CONTROL NUMBER | |
| LC control number | sa 67002125 |
| 035 ## - SYSTEM CONTROL NUMBER | |
| System control number | (OCoLC)20004292 |
| 040 ## - CATALOGING SOURCE | |
| Original cataloging agency | DLC |
| Transcribing agency | WaU |
| Modifying agency | DLC |
| 042 ## - AUTHENTICATION CODE | |
| Authentication code | premarc |
| 050 00 - LIBRARY OF CONGRESS CALL NUMBER | |
| Classification number | BL1146.G75 |
| Item number | S6 |
| 100 1# - MAIN ENTRY--PERSONAL NAME | |
| Personal name | Gupta, Mahendra Nath, |
| Dates associated with a name | 1855-1932. |
| 245 10 - TITLE STATEMENT | |
| Title | Śrīma-kathā. |
| 260 ## - PUBLICATION, DISTRIBUTION, ETC. | |
| Date of publication, distribution, etc. | [1966] |
| 300 ## - PHYSICAL DESCRIPTION | |
| Extent | 12, 470 p. |
| Other physical details | facsim., port. |
| Dimensions | 22 cm. |
| 500 ## - GENERAL NOTE | |
| General note | In Bengali. |
| 700 0# - ADDED ENTRY--PERSONAL NAME | |
| Personal name | Jagannathananda, |
| Titles and other words associated with a name | Swami. |
No items available.